02006nam a22003377a 4500003000900000008004100009040007100050082002400121110003600145245008800181260005300269300002900322440010800351505088600459650001501345650001901360650002201379650001101401650001101412650002201423650002201445650002601467700002001493700001901513700002301532700002301555700003001578700001701608700002201625700002101647AR-CdUCM190425b ||||| |||| 00| 0 spa d aMUNICIPALIDAD PROVINCIAL DEL CUSCOcBIBLIOTECA MUNICIPAL DEL CUSCO aRev.Andi/N°43/2006 aCentro Bartolomé de Las Casas aRevista andina /cCentro de estudios rurales andinos Bartolomé de Las Casas Cusco aCusco :bCentro Bartolomé de Las Casas,c2006. a290 páginas. :c23 cm. aPublicación Semestral del Centro Bartolomé de Las Casas Cusco.nNúmero 43, Segundo semestre 2006. aContenido: Los términos de parentesco quechua qatay y qhachun según los registros etnohistóricos y etnográficos: una interpretación. Pablo F. Sendón. -- Los khipus de Rapaz en casa: un complejo administrativo-ceremonial centroperuano. Frank Salomon. -- Yupana, tabla de contar inca. Viviana Moscovich. -- La evolución de la población y los nuevos perfiles demográficos de una región andina: Conchucos, 1543-1940. Magdalena Chocano. -- Semiolingüística colonial andina y crítica literaria (a propósito del discurso autodidacto) . Enrique Ballón Aguirre. -- En busca del manuscrito perdido de Ollantay. Julio Calvo. -- Tierras comunales, tierras fiscales: el tránsito del orden colonial a la revolución. Cristina López. -- Las primeras fiestas cívicas en el Perú independiente: emblemática y ceremonial bajo el Protectorado. Pablo Ortemberg. aParentesco aCultura andina aMatemática Inka aKhipus aYupana aTierras comunales aFiestas cívicas aIndependencia peruana aSendón, Pablo aSalomon, Frank aMoscovich, Viviana aChocano, Magdalena aBallón Aguirre, Enrique aCalvo, Julio aLópez, Cristina aOrtemberg, Pablo